000 00748nam a2200265Ia 4500
003 OSt
005 20221006142419.0
006 a|||||r|||| 00| 0
007 ta
008 221006b |||||||| |||| 00| 0 eng d
020 _c
_5.00
024 _a6,326
037 _bGift,
_cTextual
040 _aEASL
_cEASL
_beng
041 _2eng
_aeng
082 _aY:351.495, L0
100 _aCHANG Duk-soon etc. Ed.
_9647694
245 0 _aFolk treasury of Korea
_b Sources in myth, legend and folktale
260 _aSeoul
_bSociety of Korean Oral Literature Korea
_c1970
300 _a298p.
_ccm.
490 _v KEL
650 _aKEL
942 _hY:351.495, L0
_cTEXL
_2CC
999 _c1074412
_d1074412